MARC details
| 000 -LEADER |
| fixed length control field |
01103cam a22002531a 4500 |
| 001 - CONTROL NUMBER |
| control field |
8363109 |
| 003 - CONTROL NUMBER IDENTIFIER |
| control field |
BDDh-ASL |
| 005 - DATE AND TIME OF LATEST TRANSACTION |
| control field |
20231015025940.0 |
| 008 - FIXED-LENGTH DATA ELEMENTS--GENERAL INFORMATION |
| fixed length control field |
820903s1949 ii 000 0 eng |
| 010 ## - LIBRARY OF CONGRESS CONTROL NUMBER |
| LC control number |
50009567 |
| 035 ## - SYSTEM CONTROL NUMBER |
| System control number |
(OCoLC)8747389 |
| 040 ## - CATALOGING SOURCE |
| Original cataloging agency |
DLC |
| Transcribing agency |
NPV |
| Modifying agency |
NPV |
| -- |
OCoLC |
| -- |
DLC |
| -- |
BDDh-ASL |
| 050 00 - LIBRARY OF CONGRESS CALL NUMBER |
| Classification number |
DS481.G3 |
| Item number |
S57 |
| 082 ## - DEWEY DECIMAL CLASSIFICATION NUMBER |
| Classification number |
301 |
| Item number |
ALS |
| 245 00 - TITLE STATEMENT |
| Title |
Social and political ideas of Mahatma Gandhi / |
| Statement of responsibility, etc. |
by Horace Alexander [et al.] |
| 260 ## - PUBLICATION, DISTRIBUTION, ETC. |
| Place of publication, distribution, etc. |
New Delhi : |
| Name of publisher, distributor, etc. |
Indian Council of World Affairs ; |
| Place of publication, distribution, etc. |
Bombay : |
| Name of publisher, distributor, etc. |
Oxford University Press, |
| Date of publication, distribution, etc. |
1949. |
| 300 ## - PHYSICAL DESCRIPTION |
| Extent |
84 p. ; |
| Dimensions |
19 cm. |
| 504 ## - BIBLIOGRAPHY, ETC. NOTE |
| Bibliography, etc. note |
Bibliographical footnotes. |
| 505 0# - FORMATTED CONTENTS NOTE |
| Formatted contents note |
Political ideas of Mahatma Gandhi, by H. Alexander.--Gandhiji's ideas on social integration, by N. K. Bose.--The Gandhian approach to economics, by J. C. Kumarappa.--The Gandhian approach to economics, by P. A, Wadia.--Ethical and religious ideas of Mahatma Gandhi, by P. S. Ramanathan. |
| 600 10 - SUBJECT ADDED ENTRY--PERSONAL NAME |
| Personal name |
Gandhi, |
| Titles and other words associated with a name |
Mahatma, |
| Dates associated with a name |
1869-1948. |
| 700 1# - ADDED ENTRY--PERSONAL NAME |
| Personal name |
Alexander, Horace Gundry, |
| Dates associated with a name |
1889-1989. |
| 906 ## - LOCAL DATA ELEMENT F, LDF (RLIN) |
| a |
7 |
| b |
cbc |
| c |
oclcrpl |
| d |
u |
| e |
ncip |
| f |
19 |
| g |
y-gencatlg |
| 942 ## - ADDED ENTRY ELEMENTS (KOHA) |
| Source of classification or shelving scheme |
Dewey Decimal Classification |
| Koha item type |
Books |